Fr. Conceicao Rodrigues College of Engineering

Ordinary and partial differential equations (Record no. 36099)

MARC details
000 -LEADER
fixed length control field 00410nam a22001577a 4500
003 - CONTROL NUMBER IDENTIFIER
control field OSt
005 - DATE AND TIME OF LATEST TRANSACTION
control field 20241028124124.0
008 - FIXED-LENGTH DATA ELEMENTS--GENERAL INFORMATION
fixed length control field 241028b |||||||| |||| 00| 0 eng d
020 ## - INTERNATIONAL STANDARD BOOK NUMBER
International Standard Book Number 9789352836109
040 ## - CATALOGING SOURCE
Transcribing agency
082 ## - DEWEY DECIMAL CLASSIFICATION NUMBER
Edition number 20
Classification number 515.352
Item number RAI
245 ## - TITLE STATEMENT
Title Ordinary and partial differential equations
Statement of responsibility, etc. Raisinghania,M.D
250 ## - EDITION STATEMENT
Edition statement 20
260 ## - PUBLICATION, DISTRIBUTION, ETC.
Name of publisher, distributor, etc. S.Chand &co
Date of publication, distribution, etc. 1976
942 ## - ADDED ENTRY ELEMENTS (KOHA)
Source of classification or shelving scheme Dewey Decimal Classification
Koha item type BOOK
Edition 20
Call number prefix 515.352
Call number suffix RAI
Suppress in OPAC No
Holdings
Withdrawn status Lost status Source of classification or shelving scheme Damaged status Not for loan Collection Home library Current library Date acquired Cost, normal purchase price Inventory number Total Checkouts Full call number Barcode Date last seen Date last checked out Price effective from Koha item type
    Dewey Decimal Classification     Mathematics Fr. Agnel's C.Rodrigues College of Engineering Fr. Agnel's C.Rodrigues- College of Engineering 28/10/2024 895.00 AO/24/10/572 dt 22.10.2024 1 515.352/RAI 26513 11/07/2025 20/01/2025 28/10/2024 BOOK